[Event "European Individual Chess Championship 2017"]
[Site "Minsk"]
[Date "2017.05.31"]
[Round "2.20"]
[White "Dubov, Daniil"]
[Black "Pavlidis, Antonios"]
[Result "1-0"]
[BlackElo "2539"]
[WhiteElo "2660"]
[LiveChessVersion "1.4.8"]

1. c4 {[%clk 1:30:57]} Nf6 {[%clk 1:29:13]} 2. Nc3 {[%clk 1:31:18]} g6
{[%clk 1:29:36]} 3. e4 {[%clk 1:31:42]} d6 {[%clk 1:30:03]} 4. d4
{[%clk 1:32:06]} Bg7 {[%clk 1:30:29]} 5. Nf3 {[%clk 1:32:29]} O-O
{[%clk 1:30:52]} 6. Be2 {[%clk 1:32:56]} Na6 {[%clk 1:31:17]} 7. O-O
{[%clk 1:33:19]} e5 {[%clk 1:31:43]} 8. Be3 {[%clk 1:33:42]} Qe7 {[%clk 1:32:08]}
9. Bg5 {[%clk 1:33:03]} Qe8 {[%clk 1:32:19]} 10. Re1 {[%clk 1:33:00]} exd4
{[%clk 1:31:56]} 11. Qxd4 {[%clk 1:33:18]} Ng4 {[%clk 1:32:05]} 12. Qd2
{[%clk 1:33:34]} Nc5 {[%clk 1:31:49]} 13. Bf1 {[%clk 1:33:52]} Ne5
{[%clk 1:31:51]} 14. Nxe5 {[%clk 1:27:13]} dxe5 {[%clk 1:17:57]} 15. Nd5
{[%clk 1:27:13]} f6 {[%clk 1:17:51]} 16. Be3 {[%clk 0:55:07]} Ne6
{[%clk 1:18:11]} 17. Qa5 {[%clk 0:54:10]} b6 {[%clk 1:09:46]} 18. Qa3
{[%clk 0:54:35]} Bb7 {[%clk 1:03:36]} 19. c5 {[%clk 0:51:20]} f5 {[%clk 0:45:57]}
20. c6 {[%clk 0:27:57]} Bxc6 {[%clk 0:45:52]} 21. Rac1 {[%clk 0:28:23]} Kh8
{[%clk 0:37:35]} 22. Qc3 {[%clk 0:28:40]} Bb7 {[%clk 0:36:05]} 23. Nxc7
{[%clk 0:29:04]} Nxc7 {[%clk 0:35:57]} 24. Qxc7 {[%clk 0:29:31]} Rf7
{[%clk 0:34:14]} 25. Qc2 {[%clk 0:29:31]} Bxe4 {[%clk 0:33:00]} 26. Qb3
{[%clk 0:29:57]} Bb7 {[%clk 0:27:12]} 27. Bb5 {[%clk 0:29:20]} Qe7
{[%clk 0:22:46]} 28. Bd2 {[%clk 0:26:31]} Rd8 {[%clk 0:09:33]} 29. Bc4
{[%clk 0:25:01]} Rxd2 {[%clk 0:01:44]} 30. Bxf7 {[%clk 0:25:26]} Rd7
{[%clk 0:02:06]} 31. Be6 {[%clk 0:24:09]} Rd6 {[%clk 0:02:33]} 32. Bc8
{[%clk 0:22:48]} Bd5 {[%clk 0:02:44]} 33. Qa3 {[%clk 0:22:23]} Be4
{[%clk 0:01:01]} 34. f3 {[%clk 0:21:14]} Bd3 {[%clk 0:01:20]} 35. Rcd1
{[%clk 0:17:09]} Qd8 {[%clk 0:00:45]} 36. Ba6 {[%clk 0:17:23]} e4
{[%clk 0:00:40]} 37. Bxd3 {[%clk 0:17:47]} Rxd3 {[%clk 0:00:32]} 38. Rxd3
{[%clk 0:16:16]} exd3 {[%clk 0:00:57]} 39. Qa4 {[%clk 0:10:17]} b5
{[%clk 0:00:42]} 40. Qxb5 {[%clk 0:39:35]} Qd4+ {[%clk 0:31:07]} 41. Kf1
{[%clk 0:36:01]} Bf6 {[%clk 0:30:28]} 42. Qb7 {[%clk 0:35:26]} 1-0

[Event "European Individual Chess Championship 2017"]
[Site "?"]
[Date "2017.05.31"]
[Round "2.21"]
[White "Baron, Tal"]
[Black "Riazantsev, Alexander"]
[Result "1/2-1/2"]
[BlackElo "2659"]
[WhiteElo "2540"]
[LiveChessVersion "1.4.8"]

1. e4 {[%clk 1:26:05]} c6 {[%clk 1:30:51]} 2. d4 {[%clk 1:26:24]} d5
{[%clk 1:31:20]} 3. e5 {[%clk 1:26:43]} Bf5 {[%clk 1:31:30]} 4. h4
{[%clk 1:27:05]} h6 {[%clk 1:25:25]} 5. g4 {[%clk 1:26:59]} Bd7 {[%clk 1:25:52]}
6. Nc3 {[%clk 1:26:37]} Qb6 {[%clk 1:07:19]} 7. Na4 {[%clk 1:04:44]} Qa5+
{[%clk 1:01:12]} 8. c3 {[%clk 1:03:41]} e6 {[%clk 1:00:19]} 9. f4
{[%clk 0:43:49]} Qc7 {[%clk 0:42:41]} 10. h5 {[%clk 0:40:04]} b6 {[%clk 0:41:46]}
11. b3 {[%clk 0:40:22]} c5 {[%clk 0:33:21]} 12. Nb2 {[%clk 0:40:38]} b5
{[%clk 0:29:02]} 13. Ne2 {[%clk 0:37:27]} c4 {[%clk 0:22:46]} 14. Bg2
{[%clk 0:34:52]} Nc6 {[%clk 0:22:23]} 15. O-O {[%clk 0:34:04]} Nge7
{[%clk 0:20:15]} 16. Bd2 {[%clk 0:27:46]} Nc8 {[%clk 0:17:21]} 17. f5
{[%clk 0:26:16]} Nb6 {[%clk 0:15:25]} 18. Qc2 {[%clk 0:19:23]} O-O-O
{[%clk 0:12:29]} 19. Rf2 {[%clk 0:17:22]} Ba3 {[%clk 0:09:45]} 20. Nd1
{[%clk 0:17:39]} f6 {[%clk 0:05:22]} 21. exf6 {[%clk 0:15:51]} gxf6
{[%clk 0:05:51]} 22. fxe6 {[%clk 0:14:24]} Bxe6 {[%clk 0:06:19]} 23. Ne3
{[%clk 0:14:38]} Bd6 {[%clk 0:01:32]} 24. Raf1 {[%clk 0:15:07]} Qd7
{[%clk 0:01:21]} 25. Rxf6 {[%clk 0:14:51]} Rhg8 {[%clk 0:01:50]} 26. Nf4
{[%clk 0:10:53]} Bxg4 {[%clk 0:02:09]} 27. Nexd5 {[%clk 0:10:31]} Nxd5
{[%clk 0:01:45]} 28. Nxd5 {[%clk 0:10:59]} Be2 {[%clk 0:00:34]} 29. R1f2
{[%clk 0:04:58]} Bd3 {[%clk 0:00:52]} 30. Qd1 {[%clk 0:05:21]} Qh3
{[%clk 0:00:32]} 31. Bf4 {[%clk 0:05:09]} Be4 {[%clk 0:00:34]} 32. Rg6
{[%clk 0:04:31]} Rxg6 {[%clk 0:00:37]} 33. hxg6 {[%clk 0:05:00]} Bxg2
{[%clk 0:00:56]} 34. Rxg2 {[%clk 0:05:12]} Bxf4 {[%clk 0:01:18]} 35. Nxf4
{[%clk 0:05:32]} Qe3+ {[%clk 0:01:42]} 36. Rf2 {[%clk 0:05:50]} Qg3+
{[%clk 0:00:38]} 37. Kf1 {[%clk 0:06:16]} Ne5 {[%clk 0:00:37]} 38. Qh5
{[%clk 0:03:27]} Ng4 {[%clk 0:00:54]} 39. Qc5+ {[%clk 0:03:27]} Kb8
{[%clk 0:01:08]} 40. Qxb5+ {[%clk 0:33:49]} Ka8 {[%clk 0:31:22]} 41. Qc6+
{[%clk 0:32:46]} Kb8 {[%clk 0:30:04]} 42. Qb5+ {[%clk 0:33:06]} 1/2-1/2

[Event "European Individual Chess Championship 2017"]
[Site "?"]
[Date "2017.05.31"]
[Round "2.22"]
[White "Grachev, Boris"]
[Black "Sanal, Vahap"]
[Result "1/2-1/2"]
[BlackElo "2533"]
[WhiteElo "2658"]
[LiveChessVersion "1.4.8"]

1. d4 {[%clk 1:30:53]} Nf6 {[%clk 1:30:51]} 2. c4 {[%clk 1:31:01]} e6
{[%clk 1:31:04]} 3. Nf3 {[%clk 1:31:25]} b6 {[%clk 1:31:26]} 4. Nc3
{[%clk 1:30:48]} Bb7 {[%clk 1:31:25]} 5. e3 {[%clk 1:30:52]} d5 {[%clk 1:30:21]}
6. cxd5 {[%clk 1:30:15]} Nxd5 {[%clk 1:29:40]} 7. Bb5+ {[%clk 1:28:56]} c6
{[%clk 1:29:16]} 8. Bd3 {[%clk 1:28:02]} Be7 {[%clk 1:29:29]} 9. O-O
{[%clk 1:28:07]} c5 {[%clk 1:27:00]} 10. Bb5+ {[%clk 1:24:49]} Bc6
{[%clk 1:26:40]} 11. Bxc6+ {[%clk 1:20:57]} Nxc6 {[%clk 1:26:49]} 12. Qa4
{[%clk 1:21:20]} Qd7 {[%clk 1:24:15]} 13. dxc5 {[%clk 1:05:17]} Nxc3
{[%clk 1:09:29]} 14. bxc3 {[%clk 1:03:45]} Bxc5 {[%clk 1:09:10]} 15. Rd1
{[%clk 1:03:54]} Qc7 {[%clk 1:03:31]} 16. Nd4 {[%clk 1:00:29]} Rc8
{[%clk 1:02:50]} 17. Ba3 {[%clk 0:56:50]} Bxa3 {[%clk 0:48:52]} 18. Qxa3
{[%clk 0:51:28]} Nxd4 {[%clk 0:38:11]} 19. cxd4 {[%clk 0:43:15]} Qe7
{[%clk 0:37:53]} 20. Qa4+ {[%clk 0:42:30]} Qd7 {[%clk 0:38:14]} 21. Qb4
{[%clk 0:42:47]} Qe7 {[%clk 0:38:11]} 22. Qb5+ {[%clk 0:43:11]} Qd7
{[%clk 0:38:35]} 23. a4 {[%clk 0:42:20]} Rc7 {[%clk 0:37:49]} 24. Qb4
{[%clk 0:30:07]} Qe7 {[%clk 0:37:41]} 25. Qb5+ {[%clk 0:29:14]} Qd7
{[%clk 0:37:58]} 26. Qb4 {[%clk 0:21:56]} Qe7 {[%clk 0:37:53]} 27. Qb5+
{[%clk 0:21:43]} 1/2-1/2

[Event "European Individual Chess Championship 2017"]
[Site "?"]
[Date "2017.05.31"]
[Round "2.23"]
[White "Alonso Rosell, Alvar"]
[Black "Kovalenko, Igor"]
[Result "0-1"]
[BlackElo "2657"]
[WhiteElo "2536"]
[LiveChessVersion "1.4.8"]

1. e4 {[%clk 1:30:58]} c5 {[%clk 1:28:55]} 2. Nf3 {[%clk 1:31:24]} Nc6
{[%clk 1:29:23]} 3. Bb5 {[%clk 1:31:49]} g6 {[%clk 1:29:48]} 4. Bxc6
{[%clk 1:32:15]} bxc6 {[%clk 1:30:17]} 5. O-O {[%clk 1:32:39]} Bg7
{[%clk 1:30:45]} 6. c3 {[%clk 1:33:03]} Nf6 {[%clk 1:30:25]} 7. Re1
{[%clk 1:30:20]} O-O {[%clk 1:26:58]} 8. d4 {[%clk 1:29:12]} d5 {[%clk 1:26:16]}
9. e5 {[%clk 1:23:29]} Ne4 {[%clk 1:26:39]} 10. Nbd2 {[%clk 1:23:50]} cxd4
{[%clk 1:19:26]} 11. cxd4 {[%clk 1:23:26]} c5 {[%clk 1:19:49]} 12. Nxe4
{[%clk 1:14:35]} dxe4 {[%clk 1:20:16]} 13. Rxe4 {[%clk 1:15:00]} Bb7
{[%clk 1:20:44]} 14. Re1 {[%clk 1:14:47]} c4 {[%clk 1:16:42]} 15. Ng5
{[%clk 0:57:29]} Qd5 {[%clk 1:09:27]} 16. f3 {[%clk 0:56:21]} Rab8
{[%clk 1:01:32]} 17. Be3 {[%clk 0:35:49]} Bc8 {[%clk 0:59:25]} 18. Qc2
{[%clk 0:34:27]} Bf5 {[%clk 0:59:24]} 19. Ne4 {[%clk 0:34:46]} Rb7
{[%clk 0:59:25]} 20. Rad1 {[%clk 0:26:25]} Rd8 {[%clk 0:56:31]} 21. Bd2
{[%clk 0:20:58]} h5 {[%clk 0:53:11]} 22. Bc3 {[%clk 0:19:57]} Bh6
{[%clk 0:53:33]} 23. Qe2 {[%clk 0:18:20]} Rb6 {[%clk 0:52:26]} 24. Nc5
{[%clk 0:18:06]} Rdb8 {[%clk 0:52:29]} 25. b3 {[%clk 0:14:42]} cxb3
{[%clk 0:52:55]} 26. axb3 {[%clk 0:15:08]} Rxb3 {[%clk 0:47:03]} 27. Nxb3
{[%clk 0:15:36]} Rxb3 {[%clk 0:47:29]} 28. Bb2 {[%clk 0:09:30]} Be3+
{[%clk 0:45:13]} 29. Qxe3 {[%clk 0:08:30]} Rxe3 {[%clk 0:45:39]} 30. Rxe3
{[%clk 0:08:56]} a5 {[%clk 0:39:05]} 31. Ba3 {[%clk 0:08:14]} Kf8
{[%clk 0:39:31]} 32. Rc3 {[%clk 0:08:01]} Qa2 {[%clk 0:37:45]} 33. Kf1
{[%clk 0:04:32]} g5 {[%clk 0:33:58]} 34. d5 {[%clk 0:04:01]} Bc2 {[%clk 0:33:52]}
35. Rc1 {[%clk 0:03:14]} Ba4 {[%clk 0:34:08]} 36. d6 {[%clk 0:01:05]} exd6
{[%clk 0:34:35]} 37. exd6 {[%clk 0:01:08]} Kg7 {[%clk 0:35:00]} 38. Bc5
{[%clk 0:00:55]} Kg6 {[%clk 0:34:18]} 39. Kg1 {[%clk 0:00:50]} Qd2
{[%clk 0:31:29]} 40. Ba3 {[%clk 0:30:33]} f6 {[%clk 0:47:31]} 41. h3
{[%clk 0:28:08]} Bd7 {[%clk 0:47:45]} 42. Kh1 {[%clk 0:26:51]} Bf5
{[%clk 0:47:43]} 43. Rc4 {[%clk 0:20:07]} h4 {[%clk 0:17:24]} 44. Bc5
{[%clk 0:17:08]} Bd3 {[%clk 0:16:38]} 45. R4c3 {[%clk 0:17:30]} g4
{[%clk 0:08:40]} 46. Rxd3 {[%clk 0:09:44]} Qxc1+ {[%clk 0:06:58]} 47. Bg1
{[%clk 0:10:11]} gxh3 {[%clk 0:07:02]} 48. Rd4 {[%clk 0:05:03]} Qf1
{[%clk 0:03:39]} 49. Rg4+ {[%clk 0:03:49]} Kh5 {[%clk 0:03:52]} 50. d7
{[%clk 0:02:52]} hxg2+ {[%clk 0:03:52]} 51. Kh2 {[%clk 0:01:59]} Qd1
{[%clk 0:04:07]} 52. Rg7 {[%clk 0:00:40]} Kh6 {[%clk 0:02:50]} 53. Rg4
{[%clk 0:00:36]} Qxd7 {[%clk 0:03:12]} 54. Rxh4+ {[%clk 0:00:43]} Kg6
{[%clk 0:03:39]} 55. Kxg2 {[%clk 0:00:42]} a4 {[%clk 0:03:42]} 56. Rg4+
{[%clk 0:00:32]} Kf7 {[%clk 0:04:05]} 57. Rf4 {[%clk 0:00:31]} a3
{[%clk 0:03:58]} 58. Bd4 {[%clk 0:00:37]} Qd6 {[%clk 0:03:50]} 0-1

[Event "European Individual Chess Championship 2017"]
[Site "?"]
[Date "2017.05.31"]
[Round "2.24"]
[White "Steinberg, Nitzan"]
[Black "Jones, Gawain C B"]
[Result "0-1"]
[BlackElo "2654"]
[WhiteElo "2532"]
[LiveChessVersion "1.4.8"]

1. e4 {[%clk 1:30:55]} e5 {[%clk 1:29:31]} 2. Nf3 {[%clk 1:31:18]} Nc6
{[%clk 1:29:52]} 3. Bb5 {[%clk 1:31:38]} a6 {[%clk 1:30:16]} 4. Ba4
{[%clk 1:32:03]} Nf6 {[%clk 1:30:40]} 5. O-O {[%clk 1:32:24]} b5 {[%clk 1:31:03]}
6. Bb3 {[%clk 1:32:48]} Bc5 {[%clk 1:31:26]} 7. Nc3 {[%clk 1:33:12]} O-O
{[%clk 1:31:32]} 8. d3 {[%clk 1:33:26]} d6 {[%clk 1:31:47]} 9. Nd5
{[%clk 1:32:07]} Nxd5 {[%clk 1:29:32]} 10. Bxd5 {[%clk 1:32:20]} Bd7
{[%clk 1:29:53]} 11. c3 {[%clk 1:28:23]} Rb8 {[%clk 1:30:01]} 12. d4
{[%clk 1:17:22]} Bb6 {[%clk 1:30:06]} 13. Be3 {[%clk 1:16:10]} Qf6
{[%clk 1:27:17]} 14. a4 {[%clk 1:09:51]} exd4 {[%clk 1:10:55]} 15. cxd4
{[%clk 1:05:18]} Nb4 {[%clk 1:10:26]} 16. Bb3 {[%clk 1:00:35]} Bg4
{[%clk 1:06:46]} 17. a5 {[%clk 0:44:22]} Ba7 {[%clk 1:04:58]} 18. Rc1
{[%clk 0:44:24]} c5 {[%clk 0:57:40]} 19. dxc5 {[%clk 0:37:17]} dxc5
{[%clk 0:57:59]} 20. e5 {[%clk 0:31:38]} Qg6 {[%clk 0:51:33]} 21. h3
{[%clk 0:25:42]} Bxh3 {[%clk 0:38:20]} 22. Nh4 {[%clk 0:23:23]} Qg4
{[%clk 0:38:34]} 23. Qxg4 {[%clk 0:18:32]} Bxg4 {[%clk 0:39:02]} 24. Bxc5
{[%clk 0:18:21]} Bxc5 {[%clk 0:39:23]} 25. Rxc5 {[%clk 0:18:48]} Nd3
{[%clk 0:36:00]} 26. Rd5 {[%clk 0:08:46]} Rfd8 {[%clk 0:34:49]} 27. Rxd8+
{[%clk 0:06:15]} Rxd8 {[%clk 0:35:14]} 28. f4 {[%clk 0:06:30]} Be2
{[%clk 0:31:12]} 29. Rb1 {[%clk 0:06:19]} Nxf4 {[%clk 0:31:19]} 30. Rc1
{[%clk 0:05:53]} Nd3 {[%clk 0:27:43]} 31. Rc6 {[%clk 0:05:15]} Nxe5
{[%clk 0:26:41]} 32. Rxa6 {[%clk 0:05:40]} g6 {[%clk 0:25:32]} 33. Rb6
{[%clk 0:03:00]} Ra8 {[%clk 0:19:08]} 34. Kf2 {[%clk 0:03:07]} Bd3
{[%clk 0:17:43]} 35. a6 {[%clk 0:01:44]} b4 {[%clk 0:17:39]} 36. Rxb4
{[%clk 0:00:53]} Bxa6 {[%clk 0:16:30]} 37. Ke3 {[%clk 0:00:40]} Re8
{[%clk 0:15:01]} 38. Kd2 {[%clk 0:00:50]} Rd8+ {[%clk 0:13:50]} 39. Kc2
{[%clk 0:00:36]} Be2 {[%clk 0:07:42]} 40. g3 {[%clk 0:30:32]} Rd3
{[%clk 0:36:26]} 0-1

[Event "European Individual Chess Championship 2017"]
[Site "?"]
[Date "2017.05.31"]
[Round "2.25"]
[White "Alsina Leal, Daniel"]
[Black "Kravtsiv, Martyn"]
[Result "1/2-1/2"]
[BlackElo "2653"]
[WhiteElo "2530"]
[LiveChessVersion "1.4.8"]

1. e4 {[%clk 1:26:20]} e5 {[%clk 1:30:44]} 2. Nf3 {[%clk 1:26:43]} Nc6
{[%clk 1:31:09]} 3. Bb5 {[%clk 1:27:02]} a6 {[%clk 1:31:28]} 4. Ba4
{[%clk 1:27:22]} Nf6 {[%clk 1:31:36]} 5. O-O {[%clk 1:27:42]} Be7
{[%clk 1:31:31]} 6. d3 {[%clk 1:28:03]} b5 {[%clk 1:30:48]} 7. Bb3
{[%clk 1:28:27]} d6 {[%clk 1:30:54]} 8. a3 {[%clk 1:28:09]} O-O {[%clk 1:30:37]}
9. Nc3 {[%clk 1:28:14]} Na5 {[%clk 1:30:16]} 10. Ba2 {[%clk 1:28:00]} Be6
{[%clk 1:29:43]} 11. Bxe6 {[%clk 1:27:28]} fxe6 {[%clk 1:30:04]} 12. b4
{[%clk 1:27:09]} Nc6 {[%clk 1:30:02]} 13. Bd2 {[%clk 1:26:47]} d5
{[%clk 1:28:47]} 14. Re1 {[%clk 1:26:02]} Qd6 {[%clk 1:27:25]} 15. Na2
{[%clk 1:25:21]} Nd7 {[%clk 1:14:21]} 16. Qe2 {[%clk 1:24:22]} Bf6
{[%clk 1:09:32]} 17. Rab1 {[%clk 1:23:45]} Nb6 {[%clk 0:47:58]} 18. Nc1
{[%clk 1:20:33]} d4 {[%clk 0:44:46]} 19. Nb3 {[%clk 1:19:47]} Na4
{[%clk 0:44:41]} 20. Rf1 {[%clk 1:12:04]} Rf7 {[%clk 0:42:50]} 21. g3
{[%clk 1:02:15]} Raf8 {[%clk 0:40:14]} 22. Kg2 {[%clk 0:59:24]} Nd8
{[%clk 0:28:17]} 23. Ng1 {[%clk 0:49:20]} Nb7 {[%clk 0:25:38]} 24. f4
{[%clk 0:47:35]} exf4 {[%clk 0:23:13]} 25. Rxf4 {[%clk 0:43:22]} c5
{[%clk 0:13:48]} 26. Rbf1 {[%clk 0:32:12]} e5 {[%clk 0:12:54]} 27. R4f2
{[%clk 0:31:06]} Qe6 {[%clk 0:11:30]} 28. bxc5 {[%clk 0:18:20]} Nbxc5
{[%clk 0:11:55]} 29. Nxc5 {[%clk 0:17:40]} Nxc5 {[%clk 0:12:17]} 30. Bb4
{[%clk 0:17:52]} Rc8 {[%clk 0:10:50]} 31. Qh5 {[%clk 0:15:33]} Rfc7
{[%clk 0:08:13]} 32. Nf3 {[%clk 0:14:06]} Nd7 {[%clk 0:08:35]} 33. Ne1
{[%clk 0:13:54]} Nf8 {[%clk 0:07:50]} 34. Qg5 {[%clk 0:06:17]} Rf7
{[%clk 0:06:14]} 35. Qh5 {[%clk 0:05:06]} Ng6 {[%clk 0:05:45]} 36. Ba5
{[%clk 0:04:35]} Rd7 {[%clk 0:04:05]} 37. Nf3 {[%clk 0:04:16]} Rd6
{[%clk 0:03:37]} 38. Bb4 {[%clk 0:03:20]} Rdc6 {[%clk 0:03:21]} 39. Ne1
{[%clk 0:03:01]} R6c7 {[%clk 0:02:38]} 40. Ba5 {[%clk 0:32:24]} Rc6
{[%clk 0:32:29]} 41. Bb4 {[%clk 0:30:03]} Nh8 {[%clk 0:25:10]} 42. Qd1
{[%clk 0:23:24]} Nf7 {[%clk 0:24:16]} 43. Qh5 {[%clk 0:22:01]} Qe8
{[%clk 0:22:46]} 44. h3 {[%clk 0:18:34]} Qe6 {[%clk 0:17:05]} 45. Bd2
{[%clk 0:13:07]} Qe7 {[%clk 0:11:44]} 46. Qg4 {[%clk 0:10:16]} Qe6
{[%clk 0:11:28]} 47. Qh5 {[%clk 0:10:37]} Nh8 {[%clk 0:09:34]} 48. Bb4
{[%clk 0:07:11]} Ng6 {[%clk 0:09:23]} 49. Qd1 {[%clk 0:06:31]} R6c7
{[%clk 0:07:21]} 50. Ba5 {[%clk 0:06:47]} Rf7 {[%clk 0:06:33]} 51. Bd2
{[%clk 0:06:36]} Rd7 {[%clk 0:04:55]} 52. Bb4 {[%clk 0:06:29]} Rf7
{[%clk 0:02:56]} 53. Bd2 {[%clk 0:06:48]} Rcc7 {[%clk 0:02:50]} 54. Ba5
{[%clk 0:06:57]} Rcd7 {[%clk 0:03:11]} 55. Bb4 {[%clk 0:04:31]} Ne7
{[%clk 0:02:18]} 56. Nf3 {[%clk 0:03:28]} Nc6 {[%clk 0:02:23]} 57. Bd2
{[%clk 0:03:36]} Be7 {[%clk 0:01:53]} 58. Bc1 {[%clk 0:03:48]} Rd8
{[%clk 0:02:04]} 59. Ng5 {[%clk 0:02:53]} Rxf2+ {[%clk 0:02:20]} 60. Rxf2
{[%clk 0:03:18]} Bxg5 {[%clk 0:02:38]} 61. Bxg5 {[%clk 0:03:37]} Rf8
{[%clk 0:02:33]} 62. Rxf8+ {[%clk 0:02:53]} Kxf8 {[%clk 0:03:01]} 63. Qb1
{[%clk 0:02:11]} Ke8 {[%clk 0:02:41]} 64. Bd2 {[%clk 0:02:11]} Nd8
{[%clk 0:01:22]} 65. Qb3 {[%clk 0:01:23]} Kd7 {[%clk 0:01:21]} 66. Qxe6+
{[%clk 0:00:35]} Kxe6 {[%clk 0:01:17]} 67. Kf3 {[%clk 0:00:45]} Nc6
{[%clk 0:01:16]} 68. Ke2 {[%clk 0:00:51]} Kd6 {[%clk 0:00:49]} 69. Bb4+
{[%clk 0:00:38]} Ke6 {[%clk 0:01:03]} 70. Kd2 {[%clk 0:00:39]} Ne7
{[%clk 0:00:51]} 71. Bc5 {[%clk 0:00:34]} Nc6 {[%clk 0:00:40]} 72. c3
{[%clk 0:00:33]} dxc3+ {[%clk 0:00:45]} 73. Kxc3 {[%clk 0:00:58]} g6
{[%clk 0:00:40]} 74. Kb3 {[%clk 0:01:06]} Kf6 {[%clk 0:00:50]} 75. a4
{[%clk 0:01:06]} Ke6 {[%clk 0:00:48]} 76. axb5 {[%clk 0:01:27]} axb5
{[%clk 0:01:16]} 77. Kc3 {[%clk 0:01:34]} Kd7 {[%clk 0:01:35]} 78. Kb3
{[%clk 0:01:25]} Kc7 {[%clk 0:01:58]} 79. Kc3 {[%clk 0:01:12]} Kb7
{[%clk 0:02:18]} 80. Kb2 {[%clk 0:00:34]} Ka6 {[%clk 0:02:33]} 81. Kb3
{[%clk 0:00:34]} Ka5 {[%clk 0:02:49]} 82. Be3 {[%clk 0:00:37]} b4
{[%clk 0:02:32]} 83. Bc5 {[%clk 0:00:44]} Kb5 {[%clk 0:02:53]} 84. Bd6
{[%clk 0:00:48]} Ka5 {[%clk 0:01:12]} 85. Bc5 {[%clk 0:00:32]} Kb5
{[%clk 0:01:29]} 86. Bd6 {[%clk 0:00:58]} Nd4+ {[%clk 0:01:54]} 87. Kb2
{[%clk 0:01:24]} Nf3 {[%clk 0:02:18]} 88. Kb3 {[%clk 0:01:39]} Ne1
{[%clk 0:01:53]} 89. Bxb4 {[%clk 0:01:54]} Nxd3 {[%clk 0:02:15]} 90. Bd6
{[%clk 0:01:59]} Nc5+ {[%clk 0:01:44]} 91. Kc2 {[%clk 0:01:34]} Nxe4
{[%clk 0:02:07]} 92. Bxe5 {[%clk 0:01:59]} Kc4 {[%clk 0:02:33]} 93. Bc7
{[%clk 0:01:11]} Kd4 {[%clk 0:02:34]} 94. Bb6+ {[%clk 0:01:12]} Kd5
{[%clk 0:02:59]} 95. Kd3 {[%clk 0:00:35]} Nxg3 {[%clk 0:03:20]} 96. Ke3
{[%clk 0:01:02]} Nh5 {[%clk 0:03:33]} 97. Kf3 {[%clk 0:01:25]} Ng7
{[%clk 0:03:36]} 98. Be3 {[%clk 0:01:15]} Ne6 {[%clk 0:04:00]} 99. Bc1
{[%clk 0:01:21]} Ke5 {[%clk 0:04:25]} 100. Bb2+ {[%clk 0:01:19]} Kf5
{[%clk 0:04:48]} 101. Ba3 {[%clk 0:00:59]} Nd4+ {[%clk 0:04:56]} 102. Kg3
{[%clk 0:01:22]} Ke4 {[%clk 0:05:20]} 103. Bb2 {[%clk 0:01:13]} Ne6
{[%clk 0:05:29]} 104. Bc1 {[%clk 0:01:30]} Kf5 {[%clk 0:04:54]} 105. Bb2
{[%clk 0:01:45]} Kg5 {[%clk 0:05:16]} 106. Bc1+ {[%clk 0:02:08]} Kh5
{[%clk 0:05:41]} 107. Bb2 {[%clk 0:01:59]} Nc5 {[%clk 0:06:03]} 108. Ba3
{[%clk 0:01:56]} Ne4+ {[%clk 0:05:41]} 109. Kf3 {[%clk 0:02:07]} Nd2+
{[%clk 0:06:02]} 110. Kg3 {[%clk 0:02:31]} Nc4 {[%clk 0:06:27]} 111. Be7
{[%clk 0:02:07]} Ne3 {[%clk 0:06:35]} 112. Bd8 {[%clk 0:02:22]} Nd5
{[%clk 0:06:41]} 113. Ba5 {[%clk 0:02:34]} Kg5 {[%clk 0:07:05]} 114. Bd2+
{[%clk 0:02:54]} Kf5 {[%clk 0:07:30]} 115. Bc1 {[%clk 0:02:34]} Nc7
{[%clk 0:07:49]} 116. Bd2 {[%clk 0:02:51]} Ke4 {[%clk 0:08:14]} 117. Bc1
{[%clk 0:02:56]} Ne6 {[%clk 0:08:37]} 118. Ba3 {[%clk 0:01:58]} h5
{[%clk 0:09:01]} 119. Be7 {[%clk 0:01:38]} Nd4 {[%clk 0:09:17]} 120. Bd8
{[%clk 0:01:55]} Nf5+ {[%clk 0:09:38]} 121. Kf2 {[%clk 0:01:56]} Nd4
{[%clk 0:09:54]} 122. Be7 {[%clk 0:01:39]} Ne6 {[%clk 0:10:11]} 123. Bd6
{[%clk 0:00:57]} h4 {[%clk 0:10:18]} 124. Be7 {[%clk 0:00:45]} g5
{[%clk 0:10:43]} 125. Kg2 {[%clk 0:00:51]} Ke3 {[%clk 0:11:06]} 126. Bf6
{[%clk 0:00:57]} Ke2 {[%clk 0:10:32]} 127. Be7 {[%clk 0:01:09]} Nf4+
{[%clk 0:10:42]} 128. Kh2 {[%clk 0:01:32]} Nxh3 {[%clk 0:10:59]} 129. Kxh3
{[%clk 0:01:56]} g4+ 1/2-1/2